000 00493nam a2200169Ia 4500
999 _c375
_d375
003 OSt
005 20210901115311.0
008 190216s9999||||xx |||||||||||||| ||und||
040 _coclc
082 _a297
_bALM/I
100 _aAl Mahmud, Abdullah Ibin Zaid
_98730
245 0 _aAl Imanu Bil Kalai Wal Quadri /
_cAbdullah Ibin Zaid Al Mahmud
260 _bAl Huda Book Stall,
_aCalicut:
300 _a43p
650 _aArabic
942 _cBK
_2ddc
_h297
_iALM/I
_k297
_mALM/I